|
|
|
|
| LEADER |
00941nam a2200253 i 4500 |
| 001 |
c000075394 |
| 003 |
CARM |
| 005 |
00000000000000.0 |
| 008 |
780816c19771956enk d 00011 eng d |
| 019 |
1 |
|
|a 1239399
|5 LACONCORD2021
|
| 020 |
|
|
|a 0860090825
|
| 035 |
|
|
|a (OCoLC)153556126
|5 LACONCORD2021
|
| 040 |
|
|
|a WaSpCo
|c WaSpCo
|
| 100 |
1 |
|
|a Mitchell, Gladys,
|d 1901-1983.
|
| 245 |
1 |
0 |
|a Twelve horses and the hangman's noose /
|c by Gladys Mitchell.
|
| 250 |
|
|
|a Large print ed.
|
| 260 |
|
|
|a Litton :
|b Magna Print Books ;
|a South Yarmouth, Mass. :
|b distributed by Curley,
|c 1977, c1956.
|
| 300 |
|
|
|a 379 p. ;
|c 23 cm.
|
| 490 |
0 |
|
|a Large type series
|
| 650 |
|
0 |
|a Large type books.
|
| 852 |
8 |
|
|b CARM
|h A2:AB07B0
|i B02398
|p 0101016
|f BK
|
| 082 |
0 |
4 |
|a 823/.9/14
|
| 999 |
f |
f |
|i d708d740-8b08-5203-93f5-bd28db4567c6
|s 06326408-2e60-570c-88e8-645ce2e39988
|
| 952 |
f |
f |
|p Can circulate
|a CAVAL
|b CAVAL
|c CAVAL
|d CARM 1 Store
|e B02398
|f A2:AB07B0
|h Other scheme
|i book
|m 0101016
|